000 00428nam a2200181Ia 4500
005 20250423101317.0
008 250422s9999 xx 000 0 und d
020 _a9789780291617
050 _aKP 147 .A9/
100 _aAguda, T. Akinola.
245 4 _aThe law of evidence
260 _aIbadan
260 _bSpectrum Books Ltd
260 _c2012
300 _a463 p
650 _aEvidence (Law)--Nigeria.
942 _cBK
999 _c35931
_d35931